Localizaȯ́ das Prestae̥s de Serviȯs em sede de IVA

Bibliographic Details
Main Author: Marques Gonȧlves, Rui Miguel
Format: Unknown
Language:Portuguese
Published: Porto : Elcla, 2007
Online Access:Acceso restringido

MARC

LEADER 00000ny a22000003n 4500
005 20110621143445.0
008 080821s2007 po s 000 0 por d
020 |a 9727491561 
035 |a 2243 
040 |a UMA.RE  |d vLex 
080 |a 336.04(469)(0.034):004 
080 |a 351.713(4-672CE)(0.034) 
090 |c 968  |d 968 
100 1 |a Marques Gonȧlves, Rui Miguel 
245 1 0 |a Localizaȯ́ das Prestae̥s de Serviȯs em sede de IVA   |h [Recurso electrn̤ico]  |c Rui Miguel Marques Gonȧlves 
256 |a Servicio en ln̕ea 
260 |a Porto :  |b Elcla,  |c 2007 
506 1 |a Contenido solo disponible en los productos indicados  |d vLex Global  |d vLex Global (Academic Edition, excluding Law Schools)  |d vLex Global (U.S. Academic Edition, Law Schools)  |d vLex Global (U.S. Academic Edition, excluding Law Schools)  |d vLex Global (Academic Edition, Law Schools) 
740 0 |a vLex Libros (Servicios en ln̕ea) 
856 4 0 |u http://vlex.com/source/2243  |z Acceso restringido 
942 |c BOOK 
999 0 4 |a Derecho Fiscal  |z Paises de la Unin̤ Europea  |v En ln̕ea